[Event "KAZ-ch 2018"]
[Site "Almaty"]
[Date "2018.04.26"]
[Round "7"]
[White "Nogerbek, Kazybek"]
[Black "Kostenko, Petr"]
[Result "1/2-1/2"]
[WhiteElo "2323"]
[BlackElo "2435"]
[Annotator "TA"]
[PlyCount "76"]
[EventDate "2018.??.??"]
[EventType "tourn"]
[EventCountry "KAZ"]
[SourceTitle "playchess.com"]
[Source "ChessBase"]
[SourceQuality "1"]

{[%evp 14,76,-4,-51,-50,-60,-21,-50,14,5,29,22,27,18,14,15,17,14,18,0,0,-97,-79,-94,-81,-91,-81,-119,-109,-108,-121,-93,-20,-152,-131,-102,0,-11,0,-89,-88,-65,0,0,0,0,0,0,0,0,0,-89,-38,-26,0,0,21,0,95,81,79,0,0,0,259]} 1. e4 e6 2. d4 d5 3. Nc3 Nf6 4. exd5 exd5 5. Bd3 Nc6 6. Nge2 Nb4 7. Bb5+ {C01: French: Exchange Variation} (7. Bg5 Be7 8. O-O c6 9. Re1 O-O 10. Ng3 Nxd3 11. Qxd3 h6 12. Bf4 Re8 13. Re2 Bf8 14. Rae1 Rxe2 15. Rxe2 Be6 16. Nd1 {0-1 (45) Flierl,P (2230)-Meier,G (2648) Germany 2017}) 7... c6 8. Ba4 {LiveBook: 4 Games} Bd6 9. Ng3 {Black is slightly better.} O-O $146 ({Predecessor:} 9... Qe7+ 10. Nce2 Bg4 11. f3 Bxg3+ 12. hxg3 Bf5 13. a3 Na6 14. Bg5 h6 {1-0 (51) Zuriel,M (2231)-Carraro,D (2092) Villa Martelli 2015}) 10. O-O Ng4 ({Better is} 10... a5 $15) 11. h3 $11 {[#]} Nxf2 $1 {[%mdl 512]} 12. Kxf2 (12. Rxf2 Bxg3) 12... Qh4 13. Nce2 $1 f5 14. Kg1 f4 15. Bxf4 Bxf4 (15... Rxf4 $2 16. Nxf4 Qxg3 17. Qe1 $18) 16. Rxf4 Rxf4 17. Qd2 (17. Nxf4 $11 {remains equal.} Qxf4 18. Qe1) 17... Rf6 18. Qxb4 b5 $1 {[%cal Rb5a4]} 19. Bb3 {Threatens to win with Qc5.} Bxh3 $1 20. Rf1 Bg4 21. Rxf6 Qxf6 22. Qd2 Re8 (22... Bxe2 $6 23. Nxe2 Rf8 24. Qe3 $11) (22... Rf8 $17 23. Nc3 Kh8) 23. c3 (23. Nc1 $11) 23... h5 $1 $17 ({Don't do} 23... Rf8 24. Qe1 $11) (23... Bxe2 24. Nxe2 Qh4 25. Bc2 $11) 24. Nc1 Qh4 ({Black should play} 24... h4 $17 25. Nh1 h3) 25. Nf1 Qe1 26. Qxe1 (26. Nd3 $11 Qxd2 27. Nxd2) 26... Rxe1 27. Nd3 Ra1 ({Black should try} 27... Rb1 $15 28. Kf2 Bf5) 28. Kf2 $1 $11 a5 {[%cal Ba7a5,Ba5a4][%mdl 32] ...Bf5 is the strong threat.} 29. Ne3 $1 a4 30. Bc2 Rxa2 31. Nxg4 hxg4 32. Kg3 (32. Ke3 $11) 32... Kf8 (32... Ra1 $1 $17 {White must now prevent ...a3.} 33. Nc5 (33. Kxg4 a3 $17) 33... Kf7) 33. Kxg4 Ke7 34. Kf3 Kf6 (34... a3 $5 35. Bb3 $8 (35. Bb1 $2 Ra1 $19) 35... Ra1 36. bxa3 Rxa3 $11) 35. Ke3 Kg5 {[#]} (35... a3 $11 {keeps the balance.} 36. Bb3 (36. Bb1 $2 Ra1 $19) 36... Ra1 37. bxa3 Ke7) 36. Kd2 $1 $16 Kh4 {[#]} 37. Nb4 (37. Bd1 $1 $16) 37... Rxb2 $11 {Strongly threatening ...Kg3.} 38. Kc1 Rxb4 $2 {[%mdl 40960] Precision: White = 48%, Black = 58%. . An unexpected result.} (38... a3 $11 {and Black is okay.}) 1/2-1/2

[Event "KAZ-ch 2018"]
[Site "Almaty"]
[Date "2018.04.27"]
[Round "8"]
[White "Kazhgaleyev, Murtas"]
[Black "Ismagambetov, Anuar"]
[Result "1-0"]
[WhiteElo "2577"]
[BlackElo "2547"]
[Annotator "TA"]
[PlyCount "67"]
[EventDate "2018.??.??"]
[EventType "tourn"]
[EventCountry "KAZ"]
[SourceTitle "playchess.com"]
[Source "ChessBase"]
[SourceQuality "1"]

{[%evp 17,67,33,67,25,58,52,102,88,82,73,85,66,61,68,69,-20,-33,-18,-18,-24,10,16,40,58,69,81,122,124,136,122,172,169,159,150,186,180,217,213,233,226,529,487,1282,1270,1413,1314,1695,1687,1678,1677,29988,29988]} 1. d4 Nf6 2. c4 g6 3. Nc3 Bg7 4. e4 d6 5. Nf3 O-O 6. Be2 Nbd7 7. O-O e5 8. Qc2 Re8 9. Rd1 c6 {LiveBook: 66 Games} 10. Bf1 {E94: King's Indian: Classical: 6 Be2 e5 7 0-0: Various Black 7th moves} Qe7 {next ...exd4 is good for Black.} 11. d5 c5 12. Rb1 $146 {White is better.} ({Predecessor:} 12. g3 Kh8 13. Bg2 Ng8 14. Ne1 Rf8 15. Nd3 f5 16. Re1 f4 17. gxf4 Qh4 {½-½ (28) Stukopin,A (2573)-Pancevski,F (2494) Chicago 2015}) 12... Nh5 13. g3 Rf8 14. Nh4 Bf6 15. Ng2 $1 Bg5 16. f4 (16. Ne3 $14) 16... exf4 $11 17. gxf4 Bf6 18. Re1 Bd4+ 19. Be3 Bxc3 20. Qxc3 Ndf6 21. e5 Ne4 22. Qc2 $1 f5 23. e6 Nhf6 24. Bd3 b5 {[#]} 25. b3 $1 Bb7 {[#]} 26. Bc1 $1 Rab8 27. Bb2 h6 28. Ne3 (28. Bxe4 $6 Nxe4 29. Rxe4 fxe4 $16) 28... Ba6 $2 (28... Kh7 {is tougher.} 29. Bxf6 Qxf6) 29. Kh1 $18 {Threatens to win with Rg1.} Bb7 (29... bxc4 $142 30. bxc4 Qe8 31. Nxf5 gxf5 32. Bxf6 (32. Bxe4 Rxb2 33. Rg1+ Kh8 $18) 32... Nxf6 33. Qg2+ (33. Bxf5 Rxb1 34. Rxb1 Qh5 $11) 33... Kh8) 30. Rg1 Kh7 {[#]} 31. Rxg6 $1 {[%mdl 512]} Qxe6 (31... Kxg6 32. Rg1+) 32. dxe6 Kxg6 33. Nd5 Nxd5 34. Qg2+ {Precision: White = 64%, Black = 29%.} 1-0

[Event "KAZ-ch 2018"]
[Site "Almaty"]
[Date "2018.04.27"]
[Round "8"]
[White "Kostenko, Petr"]
[Black "Suleymenov, Alisher"]
[Result "1-0"]
[WhiteElo "2435"]
[BlackElo "2351"]
[Annotator "TA"]
[PlyCount "95"]
[EventDate "2018.??.??"]
[EventType "tourn"]
[EventCountry "KAZ"]
[SourceTitle "playchess.com"]
[Source "ChessBase"]
[SourceQuality "1"]

{[%evp 25,95,39,48,34,50,20,19,20,29,32,68,69,62,66,65,63,67,52,64,51,59,42,28,28,35,39,56,32,30,0,16,0,10,0,9,9,9,0,33,18,39,39,72,70,836,666,892,877,1166,1173,1141,1039,1111,1110,1315,1290,1512,1452,1952,1910,2071,1901,4718,3408,4718,2979,29979,29980,29983,29983,29982,29983]} 1. e4 c5 2. Nf3 d6 3. d4 cxd4 4. Nxd4 Nf6 5. f3 Nc6 6. c4 Nxd4 7. Qxd4 g6 8. Nc3 Bg7 9. Bg5 O-O {B36: Sicilian: Maroczy Bind: Gurgenidze System} 10. Qd2 Be6 (10... a5 11. Rd1 Be6 12. b3 Nd7 13. Be2 Re8 14. O-O Qb6+ 15. Kh1 Qb4 16. Na4 Nc5 17. Nxc5 dxc5 {½-½ (26) Andreikin,D (2723)-Popov,I (2624) Moscow 2012}) 11. Rc1 Rc8 12. b3 Re8 13. Be2 Qa5 {LiveBook: 3 Games} 14. Be3 Nd7 $146 ({Predecessor:} 14... h5 15. Rc2 Nd7 16. O-O Ne5 17. Nd5 Qxd2 18. Rxd2 b6 19. g3 Bxd5 20. cxd5 Rc3 21. Bd4 Rc7 22. Kg2 Rec8 23. Ba6 Rb8 24. Bb5 Rbc8 {½-½ (24) Montgomery,R (2255)-Lukasevicius,P (2147) ICCF email 2009}) 15. Nb5 Qxd2+ 16. Kxd2 a6 17. Nd4 Ne5 18. f4 Nc6 19. Nxe6 fxe6 20. Bg4 Kf7 21. f5 Ne5 22. fxe6+ Kg8 23. Bh3 Nc6 24. Rhf1 Bb2 25. Rb1 Bd4 26. Bxd4 Nxd4 27. Rf7 Rc5 28. Rbf1 Re5 29. Kd3 (29. R7f2 {with more complications.} Nxe6 30. Bxe6+ Rxe6 31. Ke3 Re5 32. a4) 29... Nxe6 30. Bxe6 Rxe6 $11 {[%mdl 4096] Endgame KRR-KRR} 31. Kd4 Rc8 32. g4 Re5 33. h4 b5 34. c5 {[%cal Bc4c5,Bc5c6][%mdl 32] And now b4 would win.} Re6 $2 {[%mdl 8192] [#]} (34... a5 $14) 35. c6 $1 $18 {[%mdl 512]} Re5 (35... Rxc6 36. Rf8+) 36. b4 ({Weaker is} 36. g5 b4 $16) 36... Rf5 37. exf5 Kxf7 38. fxg6+ Kxg6 {KR-KR} 39. Kd5 h6 40. Rf3 Rc7 41. Rf8 a5 42. bxa5 {[%cal Bb4a5,Ba5a6][%mdl 32]} Ra7 {[#]} 43. a6 $1 {[%mdl 512]} b4 (43... Rxa6 44. c7) 44. Ke6 Kg7 45. Rb8 Kg6 46. Rxb4 {White mates.} Rxa6 47. c7 Rc6 48. Kd7 {Precision: White = 67%, Black = 33%.} 1-0

[Event "KAZ-ch 2018"]
[Site "Almaty"]
[Date "2018.04.27"]
[Round "8"]
[White "Makhnev, Denis"]
[Black "Saiyn, Zhanat"]
[Result "1/2-1/2"]
[WhiteElo "2409"]
[BlackElo "2377"]
[Annotator "TA"]
[PlyCount "158"]
[EventDate "2018.??.??"]
[EventType "tourn"]
[EventCountry "KAZ"]
[SourceTitle "playchess.com"]
[Source "ChessBase"]
[SourceQuality "1"]

{[%evp 9,158,21,21,25,36,29,30,15,18,19,19,18,18,1,25,21,18,16,33,19,25,23,14,16,66,23,32,35,50,59,58,21,20,-1,47,32,77,74,65,55,93,37,36,48,45,42,51,51,48,42,81,50,50,51,68,52,83,52,49,54,53,49,57,54,78,67,74,36,39,46,186,186,186,186,186,186,186,186,186,186,186,186,186,186,186,186,186,186,186,186,186,186,186,186,186,186,186,186,186,186,186,186,186,186,186,146,146,146,171,171,171,146,171,171,171,171,171,171,179,179,179,179,179,133,179,171,171,171,179,179,179,179,179,0,179,0,179,28,28,28,28,0,179,171,171,171,171,171,171,0,186]} 1. d4 d6 2. Nf3 Bg4 3. g3 Bxf3 4. exf3 g6 (4... c6 5. Bg2 d5 6. O-O e6 7. Re1 Ne7 8. f4 g6 9. Nd2 Bg7 10. Nf3 Nd7 11. c3 c5 12. dxc5 Nxc5 {½-½ (25) Mamedyarov,S (2799)-Petrosian,T (2601) Riadh 2017}) 5. f4 Bg7 6. c3 {A41: 1 d4 d6: Tartakower System and Modern Defence} c6 7. Bg2 e6 8. a4 $146 {White has an edge.} ({Predecessor:} 8. Be3 Ne7 9. Nd2 d5 10. O-O O-O 11. Bh3 Nd7 12. Re1 Qc7 13. Nf3 {0-1 (58) Masek,M (2221)-Kulhanek,T (2333) Prague 2014}) 8... Ne7 9. O-O Nd7 10. Nd2 O-O 11. Qb3 Qb6 12. Qa3 Qc7 13. Nc4 Nc8 14. f5 gxf5 15. Bf4 {[%cal Rc4d6]} e5 16. dxe5 Nxe5 17. Bxe5 dxe5 18. Rad1 Rd8 19. Rxd8+ Qxd8 20. a5 e4 21. Bh3 Ne7 22. Qb3 b5 23. axb6 axb6 24. Rd1 Qc7 25. Qxb6 ({White should play} 25. Nd6 $16 Nd5 26. Nxf5) 25... Qxb6 $14 26. Nxb6 Rb8 27. Nc4 Bh6 28. Rd7 Kf8 29. Nd6 Bc1 30. Bxf5 e3 $1 {[%cal Re3e2]} 31. fxe3 Bxe3+ 32. Kh1 h5 33. Bd3 Bc1 34. b4 Bb2 35. b5 cxb5 36. Nxb5 Ng6 37. Rc7 Rd8 38. Bxg6 (38. Bc2 {keeps more tension.} Rd2 39. Bb3 Ne5 40. Rc5 Re2 41. Nd4) 38... fxg6 39. Nd4 Rxd4 ({Black should try} 39... Re8 $14) 40. cxd4 $18 Bxd4 $14 {[%mdl 4096] Endgame KR-KB} 41. Kg2 Be5 42. Rb7 Kg8 43. Kf3 Bf6 44. Rb6 Kg7 45. Kf4 Kf7 46. Rb7+ Kg8 47. Ke4 Kf8 48. Kd5 Kg8 49. Ke6 Bc3 50. Ra7 Bb2 51. Ra2 Bc3 52. Rg2 Kg7 53. Rc2 Bd4 54. h3 Kg8 55. Rd2 Bc3 56. Rg2 Kg7 57. h4 Be1 58. Ke5 Bc3+ 59. Kf4 Bf6 60. Ke3 Kf7 61. Ke4 Kg7 62. Rc2 Kf7 63. Kd5 Kg7 64. Ra2 Bc3 65. Ke6 Be1 66. Ra3 Bf2 67. Rd3 Be1 68. Rf3 Bd2 69. Rf7+ Kh6 70. Rf1 Kg7 71. Rf7+ Kh6 72. Rf3 {[#] Threatens to win with Kf7.} Kg7 $1 73. Ke7 $2 ({Better is} 73. Rf1 $18) 73... Bb4+ $11 74. Kd7 {Strongly threatening Ke6.} Be1 75. Ke6 $2 (75. Rd3 $11 g5 76. Re3 (76. hxg5 h4 $11)) 75... Bd2 $1 $18 76. Rb3 {[#] And now Rb7+ would win.} Be1 77. Ke5 Bf2 78. Rf3 Be1 79. Ke6 Bd2 $1 {Precision: White = 59%, Black = 64%.} 1/2-1/2

[Event "KAZ-ch 2018"]
[Site "Almaty"]
[Date "2018.04.27"]
[Round "8"]
[White "Agmanov, Zhandos"]
[Black "Nogerbek, Kazybek"]
[Result "1-0"]
[WhiteElo "2360"]
[BlackElo "2323"]
[Annotator "TA"]
[PlyCount "111"]
[EventDate "2018.??.??"]
[EventType "tourn"]
[EventCountry "KAZ"]
[SourceTitle "playchess.com"]
[Source "ChessBase"]
[SourceQuality "1"]

{[%evp 21,111,37,45,41,48,48,43,43,58,43,43,43,48,50,45,51,48,30,51,50,53,35,39,23,55,30,53,59,126,127,127,127,127,126,127,125,125,112,112,101,98,75,119,118,140,93,118,121,118,122,120,106,106,106,106,106,106,106,106,106,110,74,106,97,122,114,131,116,123,122,131,120,175,171,170,168,166,142,173,172,169,142,181,147,6303,7108,5634,5730,29982,29983,29983,29984]} 1. e4 c5 2. Nf3 Nc6 3. Bb5 e6 4. O-O Nge7 {[%cal Bg8e7,Be7d5,Bd5b4][%mdl 32]} 5. Re1 a6 6. Bf1 d5 7. exd5 Nxd5 8. d4 cxd4 9. Nxd4 Ndb4 {B30: Sicilian: 2...Nc6 3 Bb5, lines without ...g6} (9... Bd7 10. Nf5 Bc8 11. c4 Nf6 12. Qxd8+ Nxd8 13. Bf4 Bd7 14. Nc3 g6 15. Be5 gxf5 16. Bxf6 Rg8 17. Nd5 {½-½ (44) Zvjaginsev,V (2673)-Reshetnikov,A (2492) Moscow 2016}) 10. Nxc6 Qxd1 11. Rxd1 Nxc6 {LiveBook: 4 Games. White is slightly better.} 12. c3 $146 ({Predecessor:} 12. Nd2 e5 13. Nc4 Be6 14. Be3 Be7 15. Nd6+ Bxd6 16. Rxd6 O-O 17. Bb6 {1-0 (55) Kotronias,V (2550)-Manolov,I (2340) Elenite 1992}) 12... e5 13. Be3 Be7 14. Nd2 O-O 15. Nc4 Be6 16. Bb6 Rac8 17. Nd6 Bxd6 18. Rxd6 Ne7 19. Rad1 Rc6 20. Rxc6 Nxc6 21. a4 Rc8 22. a5 e4 23. c4 Ne5 24. b3 Nd3 ({Black should try} 24... Nd7 $14) 25. f3 $16 f5 26. Bxd3 exd3 27. Rxd3 {[%mdl 4096] Endgame KRB-KRB} Kf7 28. Kf2 Re8 29. Kg3 h6 30. h4 g5 31. Bd8 Rg8 32. Kf2 Rg6 33. Rd4 Bc8 34. Rd5 Rg8 35. Rd2 Rg6 36. Rd4 Ke8 37. Bb6 Bd7 38. Rd5 gxh4 39. Rd4 h3 40. gxh3 Bc6 41. Rd8+ Kf7 42. Be3 Re6 43. h4 Kg6 44. Rh8 Kg7 45. Bd4+ Kg6 46. Rf8 Bd7 (46... Rd6 $16 {was called for.} 47. Ke3 Bxf3) 47. Kg3 $18 Re8 48. Rf6+ Kh5 49. Bc5 Rg8+ 50. Kf4 Rc8 51. Bd6 Rh8 52. Bf8 Kxh4 $2 {[%mdl 8192] [#]} (52... Rh7 $16 53. Kg3 Rh8) 53. Bg7 $1 {[%cal Rg7h8]} Rh7 54. Rf7 Kh3 55. Rxd7 h5 56. Kxf5 {Precision: White = 55%, Black = 50%.} 1-0

[Event "KAZ-ch 2018"]
[Site "Almaty"]
[Date "2018.04.27"]
[Round "8"]
[White "Igambergenov, Alibek"]
[Black "Kazakov, Konstantin"]
[Result "1/2-1/2"]
[WhiteElo "2296"]
[BlackElo "2410"]
[Annotator "TA"]
[PlyCount "148"]
[EventDate "2018.??.??"]
[EventType "tourn"]
[EventCountry "KAZ"]
[SourceTitle "playchess.com"]
[Source "ChessBase"]
[SourceQuality "1"]

{[%evp 13,148,41,44,4,0,0,0,2,28,0,0,0,0,-32,-33,-30,-20,-27,-21,-21,-19,-34,-8,-15,0,0,10,9,7,0,0,7,10,8,6,0,0,0,18,10,18,22,34,29,26,31,32,36,35,27,27,25,35,22,40,0,10,-22,0,0,0,13,15,15,9,5,31,-15,58,0,154,168,165,160,217,203,215,189,266,280,293,303,291,269,267,252,341,335,326,279,361,322,301,137,127,91,120,79,91,96,97,113,112,0,0,0,0,0,54,0,0,0,0,0,0,0,0,0,0,0,0,0,0,0,0,0,0,0,0,0,0,0,0,0,0,0,0]} 1. Nf3 Nf6 2. c4 c5 3. g3 d5 4. Bg2 Nc6 5. cxd5 Nxd5 6. d4 e6 7. O-O Be7 {LiveBook: 250 Games} 8. a3 {E06: Closed Catalan: Early deviations} (8. dxc5 Bxc5 9. Qc2 Qe7 10. Nc3 Nxc3 11. Qxc3 O-O 12. Bf4 f6 13. Rac1 Bb6 14. Be3 Bxe3 15. Qxe3 e5 16. Nd2 Nd4 17. Nb3 Nxb3 18. Qxb3+ Be6 19. Qa4 Rfd8 {½-½ (47) Ponomariov,R (2699)-Lu,S (2638) Danzhou 2017}) 8... cxd4 9. Nxd4 Nxd4 10. Qxd4 Bf6 11. Qd3 O-O 12. Nd2 Bd7 $146 ({Predecessor:} 12... Qb6 13. Nc4 Qc7 14. Bd2 Rd8 15. Qb3 Nb6 16. Nxb6 Qxb6 17. Qxb6 axb6 18. Rfd1 Bd7 19. Bxb7 Ra7 20. Bf3 Ba4 {0-1 (20) Marinin,V (2053)-Rasskaza,O St Petersburg 2006}) 13. Bxd5 exd5 14. Nf3 Qe8 {Hoping for ...Bb5.} 15. Be3 Bb5 16. Qd2 Qe4 17. Rfe1 Rfe8 18. Rad1 Ba4 19. Rc1 Bd7 20. Bd4 Bd8 21. Bc3 Bh3 22. Rcd1 Bb6 23. Bd4 Bd8 24. Bc3 Bb6 25. Bd4 Re6 26. Bxb6 Rxb6 27. b4 Ra6 28. Qxd5 Qxd5 29. Rxd5 Rxa3 30. Ng5 Bg4 $1 31. h3 Bh5 32. Red1 {White threatens Rd8+ and mate.} Re8 33. Rd8 {[%cal Rd8e8]} f6 34. Ne4 (34. Ne6 $5) 34... Kf8 35. Nc5 b6 36. Ne6+ Ke7 37. Rxe8+ Bxe8 38. Nxg7 $11 {[%mdl 4096] Endgame KRB-KRN} Bg6 39. h4 h5 40. f3 Ra4 (40... f5 $11) 41. b5 ({White should play} 41. Rc1 $1 $14) 41... Rc4 $2 (41... f5 $11) 42. e4 $16 Rc5 43. Ra1 Rxb5 (43... f5 $16) 44. Rxa7+ $18 Kd6 45. Kf2 Rb1 (45... Re5 {keeps fighting.} 46. Ke3 Ra5) 46. Ke3 b5 47. Ra6+ Ke7 {Now ...b4 and Black clings on.} 48. Rb6 b4 {If Black can now play ...b3 this consolidates a bit.} 49. Kf4 $1 b3 {[#]} 50. Nf5+ $1 Kd7 51. Ne3 ({Don't do} 51. Rxf6 $6 Be8 $18) 51... Bf7 52. Rb7+ ({Less strong is} 52. Rxf6 Be6 $16) 52... Ke8 53. Nf5 (53. Kf5 $18 {is more deadly.}) 53... Rd1 $16 54. e5 Bd5 55. Rb5 Kf7 56. exf6 Kxf6 57. Rb6+ Be6 {[#] ...b2 would now be nice for Black.} 58. g4 (58. Nd6 $1 $16) 58... hxg4 $1 $11 59. fxg4 {Threatens to win with g5+.} Rf1+ 60. Ke4 {Black must now prevent Nd4.} Re1+ (60... b2 $11 61. Rxb2 Re1+ 62. Kf4 Rf1+ 63. Ke4 Re1+ 64. Kf4 Rf1+ 65. Ke4) 61. Kf4 ({White should try} 61. Ne3 $14) 61... Rf1+ {The position is equal.} 62. Ke4 b2 63. g5+ Kg6 64. Rxe6+ {KRN-KR} Kh5 65. Rh6+ Kg4 66. Ne3+ Kh3 67. Rb6 b1=Q+ 68. Rxb1 Rxb1 {KR-KN} 69. Nf5 Kg4 70. g6 Re1+ 71. Ne3+ Kh5 72. g7 Rg1 73. Nf5 Rxg7 74. Nxg7+ Kxh4 {Precision: White = 57%, Black = 59%.} 1/2-1/2

[Event "KAZ-ch 2018"]
[Site "Almaty"]
[Date "2018.04.27"]
[Round "8"]
[White "Zhalmakhanov, Ramazan"]
[Black "Ibrayev, Nurlan"]
[Result "1-0"]
[WhiteElo "2271"]
[BlackElo "2394"]
[Annotator "TA"]
[PlyCount "103"]
[EventDate "2018.??.??"]
[EventType "tourn"]
[EventCountry "KAZ"]
[SourceTitle "playchess.com"]
[Source "ChessBase"]
[SourceQuality "1"]

{[%evp 17,103,44,43,44,47,24,33,33,26,21,23,11,35,-37,60,77,78,75,166,114,125,0,0,0,0,0,55,17,22,24,55,-23,82,89,85,89,109,106,111,97,111,119,145,164,168,139,197,181,179,177,180,177,171,169,270,272,272,236,285,249,272,230,450,388,363,358,512,473,513,516,596,589,752,723,629,622,1144,1147,957,934,1384,1314,966,933,5724,656,656,558]} 1. e4 c5 2. Nf3 e6 3. d4 cxd4 4. Nxd4 a6 5. Bd3 Bc5 6. Nb3 Be7 7. O-O d6 8. Qg4 g6 {B42: Sicilian: Kan Variation: 5 Bd3} 9. Nc3 Nd7 {LiveBook: 8 Games} 10. a4 b6 {White is slightly better.} 11. Qh3 $146 ({Predecessor:} 11. f4 Ngf6 12. Qe2 Qc7 13. Bd2 Bb7 14. Rae1 O-O 15. Kh1 Rfe8 {½-½ (40) Gabrielian,A (2555)-Sjugirov,S (2651) Taganrog 2014}) 11... Qc7 12. Kh1 Bb7 13. f4 Ngf6 14. Bd2 O-O 15. f5 (15. Rae1 $14) 15... exf5 (15... gxf5 $15 16. exf5 e5) 16. exf5 $14 Ne5 17. Bg5 {aiming for fxg6.} Qd8 (17... Rae8 $16 {was called for.}) 18. Qh4 $1 $18 {Nd4 is the strong threat.} h6 19. Bd2 (19. Qxh6 $6 Nfg4 $11) ({White should play} 19. Bxh6 $16 Nfg4 20. Qh3 Nxd3 21. Qxg4 (21. cxd3 Nxh6 22. Qxh6 Bg5 $16)) 19... Nfg4 $11 20. Qh3 h5 21. Nd4 Bg5 (21... Qd7 $11) 22. Bxg5 $14 Qxg5 23. Be4 d5 24. Bf3 (24. Bxd5 $14 Bxd5 25. Nxd5) 24... Rfe8 (24... Ne3 $11 {remains equal.}) 25. Bxg4 (25. Bxd5 Bxd5 26. Nxd5 Rad8 $15) ({But not} 25. Nxd5 Rad8 $11) 25... Nxg4 {[#]} 26. Qg3 $1 Qe3 27. fxg6 fxg6 {[#]} 28. Qxe3 $1 Nxe3 29. Rf6 $1 {[%csl LRb6,LRg6]} Kg7 30. Rxb6 Bc8 31. Re1 Bf5 (31... Ra7 $16 {was necessary.} 32. Kg1 Rae7) 32. Kg1 Nxc2 33. Rxe8 Rxe8 34. Nxf5+ gxf5 35. Nxd5 $18 {[%mdl 4096] Endgame KRN-KRN} Re4 (35... a5 {is a better defense.} 36. Nf4 h4 37. Nh5+ Kh8) 36. Rxa6 Rd4 37. Ra5 f4 38. Nc3 Ne3 {intending ...Rd2.} 39. Kf2 Kh6 $2 (39... Rd2+ {keeps fighting.} 40. Kf3 Rxb2 41. Rxh5 Rb3) 40. Ra6+ Kg5 41. Rd6 Ng4+ ({Of course not} 41... Nd1+ 42. Kf3 $18) (41... Rb4 $142 42. Rd2 Nc4 43. Rd5+ Kf6) 42. Ke2 {White is clearly winning.} Rb4 43. Rd5+ Kh4 44. Rb5 Rd4 45. a5 {[%cal Ba4a5,Ba5a6][%mdl 32]} Nxh2 46. a6 Rd6 47. Ra5 Re6+ 48. Kf2 Ng4+ 49. Kf3 Ne5+ 50. Kxf4 Nc6 51. g3+ (51. Ne4 $142 Rg6 52. Rg5) 51... Kh3 52. Ne4 {Precision: White = 75%, Black = 39%.} 1-0

[Event "KAZ-ch 2018"]
[Site "Almaty"]
[Date "2018.04.28"]
[Round "9"]
[White "Ismagambetov, Anuar"]
[Black "Kostenko, Petr"]
[Result "1/2-1/2"]
[WhiteElo "2547"]
[BlackElo "2435"]
[Annotator "TA"]
[PlyCount "111"]
[EventDate "2018.??.??"]
[EventType "tourn"]
[EventCountry "KAZ"]
[SourceTitle "playchess.com"]
[Source "ChessBase"]
[SourceQuality "1"]

{[%evp 17,111,14,64,0,0,0,0,-2,57,49,63,56,105,-21,37,61,105,47,146,152,185,170,149,177,324,324,366,148,137,120,126,70,67,0,0,0,0,-99,-92,-276,-68,-312,45,48,43,-13,-12,-12,-12,-12,0,0,0,0,8,8,8,8,8,8,8,0,0,0,0,0,0,0,0,-3,-3,-8,0,0,0,-6,-6,-8,0,0,0,0,0,0,0,-8,0,0,0,0,0,-8,-8,-8,-8,-8]} 1. e4 c6 2. d4 d5 3. e5 Bf5 4. Nd2 e6 5. Nb3 Nd7 6. Nf3 h6 {B12: Caro-Kann: Advance Variation} (6... c5 7. dxc5 a6 8. Be3 Ne7 9. Be2 Be4 10. Ng5 Nxe5 11. Nxe4 dxe4 12. c3 Nf5 13. Bd4 Nc6 14. O-O {½-½ (41) Anand,V (2776)-Caruana,F (2784) Karlsruhe/Baden-Baden 2018}) 7. Be2 Qc7 8. O-O Ne7 9. Bd2 Bh7 {LiveBook: 12 Games} 10. Ba5 (10. a4 $14) 10... b6 $11 11. Bd2 $146 ({Predecessor:} 11. Bb4 Nf5 12. Bxf8 Rxf8 13. c4 Qb7 14. cxd5 cxd5 {1-0 (44) Golubchikov,A (1828)-Logunov,E (1563) Uljanovsk 2015}) 11... c5 12. c4 dxc4 (12... Rb8 $11) 13. Bxc4 $14 Nc6 14. Bf4 Rd8 15. Bg3 (15. d5 $16) 15... Qb7 (15... Ndb8 $11) 16. Qe2 Ndb8 {[%cal Rc5d4]} 17. Rfd1 (17. Rad1 $1 $16) 17... cxd4 (17... Be7 $1 $14) 18. Nbxd4 {Threatens to win with Bb5.} Be7 19. Nxe6 $1 fxe6 20. Bxe6 a6 (20... Kf8 {was necessary.} 21. Bd5 Rxd5 22. Rxd5 Qa6) 21. Nh4 $18 g6 {[#] next ...Nd4 is good for Black.} 22. Qg4 (22. Nf5 $1 $18 {[%mdl 512] White wants to mate with Ng7+.} Bg8 (22... gxf5 23. Qh5+) 23. Bxg8 Rxd1+ 24. Rxd1 Rxg8 25. Nxh6) 22... h5 $16 23. Qf4 {[%csl Ge6][%cal Rf4f7]} Bc5 24. Nf3 ({Stronger than} 24. Qf6 Rf8 $17) (24. Rxd8+ $1 $16 Nxd8 25. Bb3) 24... Rf8 $14 25. Qh6 ({White should try} 25. Qc4 $14) 25... Rxf3 $1 $11 26. gxf3 {Black must now prevent Bd5.} Nd4 27. Rxd4 (27. Bh3 $1 $11) 27... Rxd4 $17 28. b4 $2 (28. Bb3 $17) 28... Rxb4 $2 (28... Bxb4 $19 {Hoping for ...Nc6.} 29. f4 Bf8) 29. Rd1 $2 (29. Bb3 $15) 29... Rd4 $2 (29... Qxf3 $19 30. Rc1 {[#]} h4 $1 {[%mdl 512]} 31. Bxh4 g5 $1 {[%mdl 512]} 32. Qxg5 Nc6) 30. Rxd4 $14 Bxd4 31. f4 ({White should play} 31. Qf4 $14 Bc5 32. Qf6) 31... Qe7 $11 {The position is equal.} 32. Bd5 Nd7 33. e6 Nf6 34. Bc6+ $1 Kd8 {[#] And now ...Ng8 would win.} 35. f5 $1 {[%mdl 512] Strongly threatening Qf4.} gxf5 36. Qf4 {[%cal Rf4b8]} Bxf2+ $1 37. Bxf2 {[%cal Rf4b8]} Qxe6 38. Bxb6+ Ke7 $132 {[%mdl 2048] Black has counterplay} 39. Bc5+ Kf7 40. Qc7+ Kg6 41. Qg3+ Ng4 42. Qd6 Qxd6 43. Be8+ Kf6 44. Bxd6 {[%mdl 4096] Endgame KBB-KBN} Bg6 45. Bc6 Bf7 46. a3 Ne5 47. Bb7 Bc4 48. Bc7 f4 49. Bc8 f3 50. Kf2 Be2 51. h3 Nf7 52. Bb7 Ng5 53. Bd8+ Kf5 54. Bxg5 Kxg5 55. Bxf3 Bb5 56. Bxh5 {Precision: White = 46%, Black = 34%.} 1/2-1/2